Istorija ekonomičeskoj mysli v Rossii : (Titelsatznr. 15198)
[ MARC ]
| 000 -Satzkennung | |
|---|---|
| Kontrollfeld mit fester Länge | 00488nam a22001811c 4500 |
| 001 - Kontrollnummer | |
| Kontrollfeld | a987660814 |
| 008 - Feld mit fester Länge zur physischen Beschreibung - Allgemeine Angaben | |
| Kontrollfeld mit fester Länge | 080508s2008 gw |||| 000u rus d |
| 041 ## - Sprachcode | |
| Sprachcode des Textes/der Tonspur oder des separaten Titels | rus |
| 040 ## - Katalogisierungsquelle | |
| Übertragungsstelle | RU-10907106 |
| 003 - Kontrollnummer Identifier | |
| Kontrollfeld | RU-10907106 |
| 100 1# - Haupteintragung - Personenname | |
| Personenname | Zweinert, Joachim |
| 240 15 - Einheitstitel | |
| Einheitstitel | Eine Geschichte des ökonomischen Denkens in Russland |
| 245 00 - Titel | |
| Titel | Istorija ekonomičeskoj mysli v Rossii : |
| Zusatz zum Titel | 1805-1905 |
| 250 ## - Ausgabebezeichnung | |
| Ausgabebezeichnung | 2. Aufl. |
| 264 ## - Produktion, Veröffentlichung, Distribution, Herstellung und Urheberrechtsvermerk | |
| Herstellungs-, Veröffentlichungs- Vertriebs-, Erzeugungsort | Moskva : |
| Produzent, Herausgeber, Distributor, Hersteller | GU VŠE, |
| Datum der Herstellung, der Veröffentlichung, des Vertriebs oder des Urheberschutzvermerks | 2008 |
| 300 ## - Physische Beschreibung | |
| Umfang | 408 S. |
| 942 ## - Zusätzliche Felder (Koha) | |
| Koha-Medientyp | Monographien |
| Ausgeschieden | Verloren | Klassifikation oder Aufstellungssystematik | Beschädigt | Nicht entleihbar | Heimatbibliothek | Aufenthaltsbibliothek | Aufstellungsort | Erwerbungsdatum | Inventarnummer | Signatur | Barcode | Letzte Aktivität | Preis gültig von | Koha-Medientyp |
|---|---|---|---|---|---|---|---|---|---|---|---|---|---|---|
| Andere/Generische Klassifikation | MWN Osteuropa | MWN Osteuropa | Lesesaal | 08/05/2008 | 08-01297 | G 40 cR Zwe | E004015073EAC97D | 23/02/2021 | 22/03/2021 | Monographien |